[Event "17PCR_ZK05"]
[Site "?"]
[Date "2007.??.??"]
[Round "?"]
[White "Petricek, Jiri"]
[Black "Ptacek, Jiri"]
[Result "1/2-1/2"]
[WhiteElo "1502"]
[BlackElo "1751"]
[PlyCount "36"]
[EventDate "2007.??.??"]
[EventType "corr"]
[EventRounds "2"]
[SourceDate "2007.06.28"]

1. c4 Nf6 2. d4 e6 3. Nf3 b6 4. e3 Bb4+ 5. Bd2 Bxd2+ 6. Nbxd2 O-O 7. Bd3 Bb7 8.
O-O Bxf3 9. Qxf3 d5 10. Rfc1 Nbd7 11. a4 c6 12. b3 Rc8 13. cxd5 cxd5 14. Ba6
Rxc1+ 15. Rxc1 Nb8 16. Bb5 a6 17. Bd3 Qd7 18. Qd1 Rc8 {Odhad} 1/2-1/2

[Event "17PCR_ZK05"]
[Site "?"]
[Date "2007.??.??"]
[Round "?"]
[White "Ptacek, Jiri"]
[Black "Petricek, Jiri"]
[Result "1-0"]
[WhiteElo "1751"]
[BlackElo "1502"]
[PlyCount "39"]
[EventDate "2007.??.??"]
[EventType "corr"]
[EventRounds "2"]
[SourceDate "2007.06.28"]

1. Nf3 d5 2. d4 Nf6 3. e3 e6 4. Bd3 Bd6 5. O-O Nc6 6. Bb5 Bd7 7. Bxc6 Bxc6 8.
b3 Ne4 9. Ba3 Qe7 10. Bxd6 cxd6 11. a4 O-O 12. Nbd2 a5 13. Nxe4 dxe4 14. Nd2 f5
15. f4 exf3 16. Nxf3 Rf6 17. Rf2 f4 18. Qe2 Raf8 19. exf4 Rxf4 20. c3 {PCL} 1-0

[Event "17PCR_ZK05"]
[Site "?"]
[Date "2007.??.??"]
[Round "?"]
[White "Petricek, Jiri"]
[Black "Hampl, Bohumil"]
[Result "1/2-1/2"]
[WhiteElo "1502"]
[BlackElo "1930"]
[PlyCount "36"]
[EventDate "2007.??.??"]
[EventType "corr"]
[EventRounds "2"]
[SourceDate "2007.06.28"]

1. e4 e5 2. Nf3 Nf6 3. Nxe5 d6 4. Nf3 Nxe4 5. Nc3 Nxc3 6. dxc3 Be7 7. Bd3 O-O
8. O-O Nd7 9. Be3 Re8 10. Re1 Nf6 11. Bf4 Bg4 12. h3 Be6 13. Nd4 Bc8 14. Qf3 c6
15. Re2 d5 16. Rae1 Bd7 17. Bg5 Bc5 18. Rxe8+ Bxe8 {Odhad} 1/2-1/2

[Event "17PCR_ZK05"]
[Site "?"]
[Date "2007.??.??"]
[Round "?"]
[White "Hampl, Bohumil"]
[Black "Petricek, Jiri"]
[Result "1-0"]
[WhiteElo "1930"]
[BlackElo "1502"]
[PlyCount "39"]
[EventDate "2007.??.??"]
[EventType "corr"]
[EventRounds "2"]
[SourceDate "2007.06.28"]

1. e4 e5 2. Nf3 Nc6 3. d4 exd4 4. Bc4 Qf6 5. O-O Bd6 6. c3 Be5 7. Bd5 dxc3 8.
Nxc3 Bxc3 9. Bg5 Qg6 10. bxc3 h6 11. Bf4 d6 12. Bxc6+ bxc6 13. e5 Ne7 14. exd6
cxd6 15. Bxd6 Bh3 16. Nh4 Qg4 17. Re1 Qxd1 18. Raxd1 Be6 19. f4 Rd8 20. f5 {
Odhad} 1-0

[Event "17PCR_ZK05"]
[Site "?"]
[Date "2007.??.??"]
[Round "?"]
[White "Ptacek, Jiri"]
[Black "Hampl, Bohumil"]
[Result "0-1"]
[WhiteElo "1751"]
[BlackElo "1930"]
[PlyCount "56"]
[EventDate "2007.??.??"]
[EventType "corr"]
[EventRounds "2"]
[SourceDate "2007.06.28"]

1. Nf3 Nf6 2. d4 d5 3. e3 e6 4. Bd3 c5 5. Bb5+ Bd7 6. Bxd7+ Nbxd7 7. O-O Bd6 8.
dxc5 Nxc5 9. b3 O-O 10. Ba3 Rc8 11. Bxc5 Rxc5 12. Nbd2 Qc7 13. c4 Rd8 14. g3
dxc4 15. bxc4 e5 16. Qa4 b6 17. Qb3 e4 18. Nd4 Be5 19. Nb5 Rxb5 20. cxb5 Bxa1
21. Rxa1 Rxd2 22. h3 Nd5 23. Rd1 Nxe3 24. Re1 Rd3 25. Qb1 Qd6 26. Kh2 Qf6 27.
Re2 Qf3 28. Qh1 Qxe2 0-1

[Event "17PCR_ZK05"]
[Site "?"]
[Date "2007.??.??"]
[Round "1.3"]
[White "Hampl, Bohumil"]
[Black "Ptacek, Jiri"]
[Result "1-0"]
[WhiteElo "1930"]
[BlackElo "1751"]
[PlyCount "33"]
[EventDate "2007.??.??"]
[EventType "corr"]
[EventRounds "2"]
[SourceDate "2007.06.28"]

1. e4 e5 2. Nf3 Nc6 3. d4 exd4 4. Bc4 Bc5 5. c3 Qf6 6. e5 Qe7 7. O-O h6 8. cxd4
Bb6 9. d5 Nd8 10. Nc3 d6 11. Bb5+ c6 12. exd6 Qxd6 13. dxc6 Qxd1 14. cxb7+ Kf8
15. bxa8=Q Qd6 16. Qxc8 Nf6 17. Rd1 1-0

[Event "17PCR_ZK05"]
[Site "?"]
[Date "2007.??.??"]
[Round "?"]
[White "Petricek, Jiri"]
[Black "Pressl, Ladislav"]
[Result "1/2-1/2"]
[WhiteElo "1502"]
[BlackElo "1963"]
[PlyCount "44"]
[EventDate "2007.??.??"]
[EventType "corr"]
[EventRounds "2"]
[SourceDate "2007.06.28"]

1. e4 c5 2. Nf3 d6 3. d4 cxd4 4. Nxd4 Nf6 5. Nc3 a6 6. Be2 g6 7. O-O Bg7 8. Be3
O-O 9. Qd2 b5 10. a4 b4 11. Nd5 Bb7 12. Nxf6+ Bxf6 13. Bh6 Re8 14. Qxb4 Bxe4
15. Ne6 Qd7 16. Qxe4 d5 17. Qe3 Qxe6 18. Qxe6 fxe6 19. Bg4 Kf7 20. Rfe1 e5 21.
c4 e6 22. Rac1 Ra7 {Odhad} 1/2-1/2

[Event "17PCR_ZK05"]
[Site "?"]
[Date "2007.??.??"]
[Round "?"]
[White "Ptacek, Jiri"]
[Black "Pressl, Ladislav"]
[Result "0-1"]
[WhiteElo "1751"]
[BlackElo "1963"]
[PlyCount "92"]
[EventDate "2007.??.??"]
[EventType "corr"]
[EventRounds "2"]
[SourceDate "2007.06.28"]

1. Nf3 Nf6 2. d4 d6 3. h3 b6 4. d5 c5 5. c4 Bb7 6. Nc3 g6 7. Bg5 Bg7 8. Bxf6
Bxf6 9. Qd2 O-O 10. e4 Nd7 11. Bd3 e6 12. O-O Re8 13. Rfe1 Ne5 14. Nxe5 Bxe5
15. Rab1 Bg7 16. Ne2 Qh4 17. Qf4 Qxf4 18. Nxf4 Be5 19. Ne2 exd5 20. exd5 Re7
21. b3 Rae8 22. Kf1 h6 23. Ng1 b5 24. Nf3 Bc3 25. Rxe7 Rxe7 26. Rc1 b4 27. Rc2
f5 28. g3 Kf7 29. Re2 Rxe2 30. Bxe2 Bc8 31. Kg2 g5 32. Bd3 Bd7 33. Bc2 Kf6 34.
Bd3 f4 35. Be2 Bf5 36. gxf4 gxf4 37. Nh4 Bb1 38. Bd1 Bxa2 39. Bc2 a5 40. Nf5
Bxb3 41. Bxb3 Kxf5 42. Bc2+ Kg5 43. f3 Kf6 44. Kf1 Ke5 45. Ke2 Kd4 46. Bb3 a4
0-1

[Event "17PCR_ZK05"]
[Site "?"]
[Date "2007.??.??"]
[Round "?"]
[White "Pressl, Ladislav"]
[Black "Ptacek, Jiri"]
[Result "1-0"]
[WhiteElo "1963"]
[BlackElo "1751"]
[PlyCount "61"]
[EventDate "2007.??.??"]
[EventType "corr"]
[EventRounds "2"]
[SourceDate "2007.06.28"]

1. e4 e5 2. Nf3 Nc6 3. Bb5 a6 4. Ba4 Nf6 5. O-O b5 6. Bb3 Be7 7. Re1 O-O 8. c3
d6 9. h3 Na5 10. Bc2 Bb7 11. d4 exd4 12. cxd4 Nc6 13. Bd2 h6 14. d5 Ne5 15. Bc3
Nxf3+ 16. Qxf3 Re8 17. Nd2 c6 18. Bb3 cxd5 19. exd5 Rb8 20. a3 Qb6 21. Rac1
Rbc8 22. Nf1 a5 23. Rcd1 Qa6 24. Ne3 Qb6 25. Nf5 Qd8 26. Qg3 Bf8 27. Nxh6+ Kh7
28. Bc2+ g6 29. Nxf7 Rxe1+ 30. Rxe1 Ne4 31. Bxe4 1-0

[Event "17PCR_ZK05"]
[Site "?"]
[Date "2007.??.??"]
[Round "?"]
[White "Hampl, Bohumil"]
[Black "Pressl, Ladislav"]
[Result "1-0"]
[WhiteElo "1930"]
[BlackElo "1963"]
[PlyCount "65"]
[EventDate "2007.??.??"]
[EventType "corr"]
[EventRounds "2"]
[SourceDate "2007.06.28"]

1. e4 e5 2. Nf3 Nc6 3. d4 exd4 4. Bc4 Bc5 5. c3 d3 6. Qxd3 d6 7. O-O Nf6 8. a4
a6 9. b4 Bb6 10. e5 Nxe5 11. Nxe5 dxe5 12. Qxd8+ Kxd8 13. Bxf7 Ke7 14. Ba2 Bf5
15. Bg5 Rhd8 16. Re1 Be6 17. Nd2 Bxa2 18. Rxa2 Ke6 19. Nc4 Rd5 20. Rae2 Nd7 21.
Bf4 Kf5 22. Bxe5 Nxe5 23. Rxe5+ Rxe5 24. Rxe5+ Kf6 25. Nxb6 cxb6 26. Rd5 Ke6
27. Rd3 Rc8 28. Kf1 h6 29. Ke2 g6 30. Kd2 Rc6 31. Rd4 g5 32. c4 Ke5 33. Kd3 1-0

[Event "17PCR_ZK05"]
[Site "?"]
[Date "2007.??.??"]
[Round "?"]
[White "Pressl, Ladislav"]
[Black "Hampl, Bohumil"]
[Result "0-1"]
[WhiteElo "1963"]
[BlackElo "1930"]
[PlyCount "64"]
[EventDate "2007.??.??"]
[EventType "corr"]
[EventRounds "2"]
[SourceDate "2007.06.28"]

1. e4 e5 2. Nf3 Nf6 3. d4 exd4 4. e5 Ne4 5. Bd3 Nc5 6. Bc4 Nc6 7. O-O Ne6 8.
Re1 Bb4 9. c3 dxc3 10. bxc3 Be7 11. Bd5 O-O 12. Be3 d6 13. exd6 Qxd6 14. c4 Bf6
15. Nbd2 Bxa1 16. Qxa1 Nb4 17. Ne4 Qd7 18. Qd1 Nxd5 19. cxd5 Rd8 20. Nc3 Nf8
21. Ne5 Qf5 22. Bd4 a6 23. Qb3 Re8 24. Qc4 f6 25. Nf3 Rxe1+ 26. Nxe1 Qf4 27.
Nd3 Qg4 28. f4 Qf5 29. Be3 b5 30. Qd4 Nd7 31. d6 c5 32. Nxc5 Nxc5 0-1

[Event "17PCR_ZK05"]
[Site "?"]
[Date "2007.??.??"]
[Round "1"]
[White "Petricek, Jiri"]
[Black "Goc, Pavel"]
[Result "1/2-1/2"]
[WhiteElo "1502"]
[BlackElo "2145"]
[PlyCount "32"]
[EventDate "2007.??.??"]
[EventType "corr"]
[EventRounds "2"]
[SourceDate "2007.06.28"]

1. c4 e5 2. Nc3 Nc6 3. Nf3 Nf6 4. d4 exd4 5. Nxd4 Bb4 6. Nxc6 bxc6 7. Bg5 O-O
8. e3 Rb8 9. Bd3 h6 10. Bh4 d5 11. O-O Be6 12. cxd5 cxd5 13. Nb5 Be7 14. Rc1
Bd7 15. Nxc7 g5 16. Bg3 Rxb2 1/2-1/2

[Event "17PCR_ZK05"]
[Site "?"]
[Date "2007.??.??"]
[Round "1"]
[White "Goc, Pavel"]
[Black "Petricek, Jiri"]
[Result "1/2-1/2"]
[WhiteElo "2145"]
[BlackElo "1502"]
[PlyCount "27"]
[EventDate "2007.??.??"]
[EventType "corr"]
[EventRounds "2"]
[SourceDate "2007.06.28"]

1. e4 e6 2. d4 d5 3. Nc3 Nf6 4. Bg5 Be7 5. e5 Nfd7 6. Bxe7 Qxe7 7. f4 Nc6 8.
Nb5 Nb6 9. c3 a6 10. Na3 Bd7 11. Bd3 O-O-O 12. Nf3 f5 13. O-O h6 14. Qd2
1/2-1/2

[Event "17PCR_ZK05"]
[Site "?"]
[Date "2007.??.??"]
[Round "?"]
[White "Ptacek, Jiri"]
[Black "Goc, Pavel"]
[Result "0-1"]
[WhiteElo "1751"]
[BlackElo "2145"]
[PlyCount "64"]
[EventDate "2007.??.??"]
[EventType "corr"]
[EventRounds "2"]
[SourceDate "2007.06.28"]

1. e4 e5 2. Nf3 Nc6 3. d4 exd4 4. Nxd4 Qh4 5. Nxc6 Qxe4+ 6. Qe2 Qxe2+ 7. Bxe2
dxc6 8. Nd2 Bf5 9. c3 O-O-O 10. O-O Nf6 11. Nf3 Bc5 12. Bg5 Rd6 13. Bxf6 Rxf6
14. h3 Re8 15. Rfe1 a5 16. Bf1 Rxe1 17. Rxe1 Bxh3 18. Re5 b6 19. Rh5 Bf5 20.
Nd4 Bxd4 21. cxd4 Bg6 22. Re5 Rd6 23. Re8+ Kd7 24. Rg8 Rxd4 25. Rxg7 Rd1 26. g4
Ke7 27. Rg8 Bd3 28. Rc8 Bxf1 29. Rxc7+ Kd6 30. Ra7 Bc4+ 31. Kh2 Rd2 32. b3 Bd5
0-1

[Event "17PCR_ZK05"]
[Site "?"]
[Date "2007.??.??"]
[Round "?"]
[White "Goc, Pavel"]
[Black "Ptacek, Jiri"]
[Result "1-0"]
[WhiteElo "2145"]
[BlackElo "1751"]
[PlyCount "43"]
[EventDate "2007.??.??"]
[EventType "corr"]
[EventRounds "2"]
[SourceDate "2007.06.28"]

1. e4 e6 2. d4 d5 3. Nc3 dxe4 4. Nxe4 Qd5 5. Bd3 b6 6. Nf3 h6 7. O-O Ba6 8. c4
Qd8 9. Be3 Bb7 10. Ne5 Nf6 11. Qf3 c6 12. d5 exd5 13. cxd5 Bd6 14. dxc6 Bxc6
15. Nxc6 Nxc6 16. Nxf6+ gxf6 17. Qxc6+ Kf8 18. Bf5 Kg7 19. Rfd1 Bxh2+ 20. Kxh2
Qb8+ 21. Rd6 Qe8 22. Bd4 1-0

[Event "17PCR_ZK05"]
[Site "?"]
[Date "2007.??.??"]
[Round "?"]
[White "Hampl, Bohumil"]
[Black "Goc, Pavel"]
[Result "1/2-1/2"]
[WhiteElo "1930"]
[BlackElo "2145"]
[PlyCount "51"]
[EventDate "2007.??.??"]
[EventType "corr"]
[EventRounds "2"]
[SourceDate "2007.06.28"]

1. e4 e5 2. Nf3 Nc6 3. d4 exd4 4. Bc4 Nf6 5. e5 Ne4 6. O-O d5 7. exd6 {e.p.}
Nxd6 8. Re1+ Be7 9. Bd5 Nf5 10. Bxc6+ bxc6 11. Ne5 c5 12. Qf3 Be6 13. Qc6+ Kf8
14. Qe4 Nd6 15. Qc6 Ne8 16. c3 Nf6 17. b3 Bd6 18. Ba3 Bd5 19. Qa4 Qe8 20. Qa5
dxc3 21. Bxc5 Kg8 22. Bxd6 cxd6 23. Nxc3 Bxg2 24. Ng6 Qd7 25. Ne7+ Kf8 26. Kxg2
1/2-1/2

[Event "17PCR_ZK05"]
[Site "?"]
[Date "2007.??.??"]
[Round "?"]
[White "Goc, Pavel"]
[Black "Hampl, Bohumil"]
[Result "1/2-1/2"]
[WhiteElo "2145"]
[BlackElo "1930"]
[PlyCount "58"]
[EventDate "2007.??.??"]
[EventType "corr"]
[EventRounds "2"]
[SourceDate "2007.06.28"]

1. e4 e5 2. Nf3 Nf6 3. Nxe5 d6 4. Nf3 Nxe4 5. d4 d5 6. Bd3 Bd6 7. O-O O-O 8. c4
Nf6 9. Bg5 dxc4 10. Bxc4 Bg4 11. h3 Bh5 12. Nc3 Nbd7 13. g4 Nb6 14. Bd3 Bg6 15.
Bxg6 hxg6 16. Re1 Re8 17. Rxe8+ Qxe8 18. Qb3 Qc6 19. Nb5 Qd5 20. Qxd5 Nfxd5 21.
Nxd6 cxd6 22. Rc1 Re8 23. Kf1 f6 24. Bh4 Kf7 25. Bg3 Rc8 26. Rxc8 Nxc8 27. Ke2
Ke6 28. a3 g5 29. Kd3 Nce7 1/2-1/2

[Event "17PCR_ZK05"]
[Site "?"]
[Date "2007.??.??"]
[Round "?"]
[White "Pressl, Ladislav"]
[Black "Goc, Pavel"]
[Result "0-1"]
[WhiteElo "1963"]
[BlackElo "2145"]
[PlyCount "68"]
[EventDate "2007.??.??"]
[EventType "corr"]
[EventRounds "2"]
[SourceDate "2007.06.28"]

1. d4 Nf6 2. c4 e6 3. Nc3 Bb4 4. e3 O-O 5. Bd3 d5 6. Nf3 c5 7. O-O Nc6 8. a3
Bxc3 9. bxc3 dxc4 10. Bxc4 Qc7 11. Ba2 e5 12. h3 e4 13. Nd2 Bf5 14. Bb2 Rfd8
15. Qb3 Be6 16. Qb5 Bxa2 17. Rxa2 Rac8 18. Rd1 cxd4 19. exd4 Rd5 20. Qe2 Re8
21. Nf1 Qd7 22. Ne3 Rg5 23. Kh1 Nh5 24. Kh2 Qd6+ 25. Kh1 Nf4 26. Qf1 Nxg2 27.
Ng4 Nf4 28. Bc1 Rh5 29. Bxf4 Qxf4 30. Qg2 Rg5 31. Qg3 Qxg3 32. fxg3 f5 33. Nf2
Rxg3 34. c4 e3 0-1

[Event "17PCR_ZK05"]
[Site "?"]
[Date "2007.??.??"]
[Round "?"]
[White "Goc, Pavel"]
[Black "Pressl, Ladislav"]
[Result "1-0"]
[WhiteElo "2145"]
[BlackElo "1963"]
[PlyCount "91"]
[EventDate "2007.??.??"]
[EventType "corr"]
[EventRounds "2"]
[SourceDate "2007.06.28"]

1. e4 e5 2. Nf3 Nc6 3. d4 exd4 4. c3 d3 5. Bxd3 d6 6. h3 Nf6 7. O-O Be7 8. Nd4
O-O 9. Nd2 Ne5 10. Bc2 c5 11. Ne2 d5 12. f4 Nc6 13. e5 Nd7 14. Nb3 Re8 15. Qxd5
Nb6 16. Qe4 g6 17. Ng3 f5 18. Qe2 Bh4 19. Rf3 c4 20. Nc5 Be7 21. Be3 Qc7 22.
Na4 Be6 23. Nxb6 axb6 24. Qf2 b5 25. Bb6 Qb8 26. Ne2 b4 27. Nd4 Nxd4 28. Qxd4
b3 29. Bb1 Qc8 30. Qf2 Qc6 31. Bd4 bxa2 32. Rxa2 Rxa2 33. Bxa2 Ra8 34. b4 cxb3
35. Bb1 Ra1 36. Qb2 Qa4 37. c4 Ra3 38. c5 Qb4 39. Qf2 Bc4 40. Rg3 Kf7 41. Rc3
Ra5 42. Kh2 Bxc5 43. Rc1 Kg8 44. g4 fxg4 45. f5 gxf5 46. hxg4 1-0

[Event "17PCR_ZK05"]
[Site "?"]
[Date "2007.??.??"]
[Round "?"]
[White "Petricek, Jiri"]
[Black "Houdek, Vladimir"]
[Result "0-1"]
[WhiteElo "1502"]
[BlackElo "2185"]
[PlyCount "48"]
[EventDate "2007.??.??"]
[EventType "corr"]
[EventRounds "2"]
[SourceDate "2007.06.28"]

1. e4 e5 2. Nf3 Nc6 3. Bb5 a6 4. Ba4 Nf6 5. O-O Be7 6. Nc3 b5 7. Bb3 O-O 8. Nd5
Nxe4 9. Re1 Nc5 10. d4 Nxb3 11. cxb3 d6 12. dxe5 dxe5 13. Nxe5 Nxe5 14. Rxe5
Bd6 15. Rh5 g6 16. Bg5 f6 17. Bxf6 Rxf6 18. Nxf6+ Qxf6 19. Qd5+ Qe6 20. Re1
Qxd5 21. Rxd5 Kf7 22. Rd4 Be6 23. g3 Rd8 24. Rd3 Bf5 0-1

[Event "17PCR_ZK05"]
[Site "?"]
[Date "2007.??.??"]
[Round "?"]
[White "Houdek, Vladimir"]
[Black "Petricek, Jiri"]
[Result "1/2-1/2"]
[WhiteElo "2185"]
[BlackElo "1502"]
[PlyCount "47"]
[EventDate "2007.??.??"]
[EventType "corr"]
[EventRounds "2"]
[SourceDate "2007.06.28"]

1. d4 d5 2. c4 c6 3. Nf3 dxc4 4. e3 Be6 5. Qc2 Nf6 6. Bxc4 Bxc4 7. Qxc4 e6 8.
O-O Qd5 9. Qc2 Qf5 10. Qb3 Qb5 11. Qxb5 cxb5 12. Nc3 a6 13. b3 Bd6 14. Bb2 O-O
15. Nd2 Ng4 16. h3 Nf6 17. Nde4 Nxe4 18. Nxe4 Be7 19. Rfd1 Rd8 20. Rac1 Nc6 21.
Nc5 Bxc5 22. Rxc5 Nb4 23. a3 Nd5 24. e4 1/2-1/2

[Event "17PCR_ZK05"]
[Site "?"]
[Date "2007.??.??"]
[Round "1"]
[White "Ptacek, Jiri"]
[Black "Houdek, Vladimir"]
[Result "0-1"]
[WhiteElo "1751"]
[BlackElo "2185"]
[PlyCount "80"]
[EventDate "2007.??.??"]
[EventType "corr"]
[EventRounds "2"]
[SourceDate "2007.06.28"]

1. Nf3 d5 2. d4 Nf6 3. e3 e6 4. Bd3 Bd6 5. O-O O-O 6. c4 dxc4 7. Bxc4 Nc6 8.
Nc3 e5 9. dxe5 Nxe5 10. Nxe5 Bxe5 11. Qxd8 Rxd8 12. Re1 c6 13. e4 Be6 14. Bxe6
fxe6 15. Bg5 h6 16. Bxf6 gxf6 17. Rad1 Kf7 18. a3 b5 19. g3 a5 20. Rxd8 Rxd8
21. Rd1 Rxd1+ 22. Nxd1 a4 23. Kf1 b4 24. axb4 Bxb2 25. Ne3 a3 26. Nc2 a2 27.
Ke2 a1=Q 28. Nxa1 Bxa1 29. Kd3 e5 30. Kc4 Bd4 31. f4 Kg6 32. b5 cxb5+ 33. Kxb5
Bg1 34. fxe5 fxe5 35. h3 Bh2 36. g4 Kg5 37. Kc4 Kh4 38. Kd3 Kxh3 39. Ke2 Kxg4
40. Ke3 Kg3 0-1

[Event "17PCR_ZK05"]
[Site "?"]
[Date "2007.??.??"]
[Round "?"]
[White "Hampl, Bohumil"]
[Black "Houdek, Vladimir"]
[Result "0-1"]
[WhiteElo "1930"]
[BlackElo "2185"]
[PlyCount "48"]
[EventDate "2007.??.??"]
[EventType "corr"]
[EventRounds "2"]
[SourceDate "2007.06.28"]

1. e4 e5 2. Nf3 Nc6 3. d4 exd4 4. Bc4 Nf6 5. e5 d5 6. Bb5 Ne4 7. Nxd4 Bd7 8.
Bxc6 bxc6 9. O-O Bc5 10. f3 Ng5 11. f4 Ne4 12. Be3 Qb8 13. Qc1 Bxd4 14. Bxd4 c5
15. Be3 d4 16. Bf2 O-O 17. Bh4 f5 18. c3 Qb6 19. Nd2 Rae8 20. Rd1 Bb5 21. Nf3
Be2 22. Re1 d3 23. Nd2 c4+ 24. Kh1 Rf7 0-1

[Event "17PCR_ZK05"]
[Site "?"]
[Date "2007.??.??"]
[Round "?"]
[White "Houdek, Vladimir"]
[Black "Hampl, Bohumil"]
[Result "1-0"]
[WhiteElo "2185"]
[BlackElo "1930"]
[PlyCount "53"]
[EventDate "2007.??.??"]
[EventType "corr"]
[EventRounds "2"]
[SourceDate "2007.06.28"]

1. d4 Nf6 2. c4 e5 3. dxe5 Ng4 4. Bf4 Nc6 5. Nf3 Bb4+ 6. Nbd2 Qe7 7. e3 Ngxe5
8. Nxe5 Nxe5 9. Be2 d6 10. O-O O-O 11. Nb3 Ng6 12. Bf3 Rd8 13. a3 Bc5 14. Nxc5
dxc5 15. Qc2 c6 16. Rad1 Be6 17. b3 Rxd1 18. Rxd1 Rd8 19. Rxd8+ Qxd8 20. Qd1
Qxd1+ 21. Bxd1 b5 22. Be2 f6 23. Bd6 bxc4 24. Bxc4 Bxc4 25. bxc4 Ne5 26. Bxe5
fxe5 27. Kf1 1-0

[Event "17PCR_ZK05"]
[Site "?"]
[Date "2007.??.??"]
[Round "?"]
[White "Pressl, Ladislav"]
[Black "Houdek, Vladimir"]
[Result "0-1"]
[WhiteElo "1963"]
[BlackElo "2185"]
[PlyCount "52"]
[EventDate "2007.??.??"]
[EventType "corr"]
[EventRounds "2"]
[SourceDate "2007.06.28"]

1. e4 e5 2. Nf3 Nc6 3. Bb5 a6 4. Ba4 Nf6 5. O-O Be7 6. Re1 b5 7. Bb3 d6 8. c3
O-O 9. h3 Na5 10. Bc2 c5 11. d4 Qc7 12. Nbd2 cxd4 13. cxd4 Nc6 14. d5 Nb4 15.
Bb3 a5 16. a4 bxa4 17. Rxa4 Nd7 18. Re3 Nc5 19. Rc3 f5 20. exf5 Bxf5 21. Ra1
Kh8 22. Nf1 Qb7 23. Rxc5 dxc5 24. Nxe5 Bf6 25. Bf4 Bxe5 26. Bxe5 Nd3 0-1

[Event "17PCR_ZK05"]
[Site "?"]
[Date "2007.??.??"]
[Round "?"]
[White "Houdek, Vladimir"]
[Black "Pressl, Ladislav"]
[Result "1-0"]
[WhiteElo "2185"]
[BlackElo "1963"]
[PlyCount "43"]
[EventDate "2007.??.??"]
[EventType "corr"]
[EventRounds "2"]
[SourceDate "2007.06.28"]

1. d4 Nf6 2. c4 g6 3. g3 Bg7 4. Bg2 O-O 5. Nf3 d6 6. O-O c5 7. Nc3 cxd4 8. Nxd4
Qa5 9. h3 Qb4 10. Qb3 Qc5 11. Be3 Qc7 12. Ndb5 Qa5 13. Rfd1 Nc6 14. Nd5 Nxd5
15. cxd5 Ne5 16. Rac1 Bd7 17. Nc7 Ba4 18. Qa3 Rac8 19. b4 Qxc7 20. Rxc7 Rxc7
21. Qxa4 Rfc8 22. Qxa7 1-0

[Event "17PCR_ZK05"]
[Site "?"]
[Date "2007.??.??"]
[Round "?"]
[White "Goc, Pavel"]
[Black "Houdek, Vladimir"]
[Result "1/2-1/2"]
[WhiteElo "2145"]
[BlackElo "2185"]
[PlyCount "32"]
[EventDate "2007.??.??"]
[EventType "corr"]
[EventRounds "2"]
[SourceDate "2007.06.28"]

1. e4 e5 2. Nf3 Nc6 3. Bc4 Bc5 4. b4 Bb6 5. a4 a6 6. Nc3 Nf6 7. d4 exd4 8. Nd5
Nxd5 9. exd5 Qe7+ 10. Kf1 Nxb4 11. Bg5 f6 12. Qd2 Kd8 13. Re1 Qc5 14. Ne5 Rf8
15. Qe2 Qe7 16. Qd2 Qc5 1/2-1/2

[Event "17PCR_ZK05"]
[Site "?"]
[Date "2007.??.??"]
[Round "?"]
[White "Houdek, Vladimir"]
[Black "Goc, Pavel"]
[Result "1/2-1/2"]
[WhiteElo "2185"]
[BlackElo "2145"]
[PlyCount "46"]
[EventDate "2007.??.??"]
[EventType "corr"]
[EventRounds "2"]
[SourceDate "2007.06.28"]

1. d4 Nf6 2. c4 e6 3. Nf3 b6 4. e3 Bb7 5. Bd3 Be7 6. O-O d5 7. b3 O-O 8. Bb2 c5
9. Nbd2 Nc6 10. Rc1 Rc8 11. Qe2 cxd4 12. exd4 dxc4 13. bxc4 Nb4 14. Bb1 Re8 15.
a3 Nc6 16. Qd3 Nb8 17. Ng5 g6 18. Ndf3 Nh5 19. Qe3 Bd6 20. Ne5 Bxe5 21. dxe5
Qe7 22. Be4 Ba6 23. Bd3 Bb7 1/2-1/2

[Event "17PCR_ZK05"]
[Site "?"]
[Date "2007.??.??"]
[Round "?"]
[White "Petricek, Jiri"]
[Black "Trs, Jan"]
[Result "1/2-1/2"]
[WhiteElo "1502"]
[BlackElo "2255"]
[PlyCount "32"]
[EventDate "2007.??.??"]
[EventType "corr"]
[EventRounds "2"]
[SourceDate "2007.06.28"]

1. e4 c5 2. Nf3 d6 3. d4 cxd4 4. Nxd4 Nf6 5. Nc3 e6 6. Be2 Nc6 7. O-O Be7 8.
Be3 O-O 9. a3 d5 10. Nxc6 bxc6 11. e5 Nd7 12. f4 c5 13. Bf2 Bb7 14. Qd3 Rb8 15.
b3 d4 16. Ne4 Nb6 1/2-1/2

[Event "17PCR_ZK05"]
[Site "?"]
[Date "2007.??.??"]
[Round "?"]
[White "Trs, Jan"]
[Black "Petricek, Jiri"]
[Result "1-0"]
[WhiteElo "2255"]
[BlackElo "1502"]
[PlyCount "37"]
[EventDate "2007.??.??"]
[EventType "corr"]
[EventRounds "2"]
[SourceDate "2007.06.28"]

1. d4 Nf6 2. c4 e6 3. Nc3 d5 4. Bg5 Be7 5. e3 O-O 6. Nf3 Nbd7 7. Rc1 h6 8. Bh4
c6 9. Bd3 Bd6 10. O-O e5 11. cxd5 cxd5 12. Nxd5 e4 13. Bxf6 Nxf6 14. Nxf6+ Qxf6
15. Bxe4 Qe6 16. Bb1 Bd7 17. Qd3 g6 18. Ne5 Bxe5 19. dxe5 {Odhad} 1-0

[Event "17PCR_ZK05"]
[Site "?"]
[Date "2007.??.??"]
[Round "?"]
[White "Ptacek, Jiri"]
[Black "Trs, Jan"]
[Result "0-1"]
[WhiteElo "1751"]
[BlackElo "2255"]
[PlyCount "68"]
[EventDate "2007.??.??"]
[EventType "corr"]
[EventRounds "2"]
[SourceDate "2007.06.28"]

1. Nf3 d5 2. d4 Nf6 3. g3 e6 4. Bg5 c5 5. c3 Qb6 6. Qb3 Nc6 7. Qxb6 axb6 8.
Bxf6 gxf6 9. e3 e5 10. Nbd2 Bd6 11. dxe5 Nxe5 12. Nxe5 fxe5 13. Bb5+ Ke7 14.
O-O Bh3 15. Rfe1 f5 16. Bf1 Bxf1 17. Kxf1 b5 18. b3 e4 19. a3 {Odhad} Be5 20.
Rec1 b4 21. Nb1 c4 22. Ra2 cxb3 23. Rb2 bxa3 24. Nxa3 Rxa3 25. Rcb1 Rc8 26.
Rxb3 Rxb3 27. Rxb3 Rc7 28. Ke2 Bxc3 29. Rb5 Kd6 30. f3 Bg7 31. fxe4 fxe4 32. h3
Rc2+ 33. Kd1 Rb2 34. Ra5 Rb3 0-1

[Event "17PCR_ZK05"]
[Site "?"]
[Date "2007.??.??"]
[Round "?"]
[White "Trs, Jan"]
[Black "Ptacek, Jiri"]
[Result "1-0"]
[WhiteElo "2255"]
[BlackElo "1751"]
[PlyCount "51"]
[EventDate "2007.??.??"]
[EventType "corr"]
[EventRounds "2"]
[SourceDate "2007.06.28"]

1. c4 Nf6 2. Nc3 e5 3. Nf3 Nc6 4. g3 g6 5. d4 exd4 6. Nxd4 Nxd4 7. Qxd4 c5 8.
Qe5+ Qe7 9. Qxe7+ Bxe7 10. Bf4 a6 11. Bg2 O-O 12. O-O-O Ra7 13. Rhe1 d6 14.
Bxd6 Bxd6 15. Rxd6 Be6 16. Bd5 Re8 17. e4 Ng4 18. f4 Nxh2 19. e5 {Odhad} Ng4
20. Ne4 Bxd5 21. cxd5 c4 22. Rb6 Rc8 23. Nd6 Rc7 24. e6 fxe6 25. dxe6 Kf8 26.
e7+ 1-0

[Event "17PCR_ZK05"]
[Site "?"]
[Date "2007.??.??"]
[Round "?"]
[White "Hampl, Bohumil"]
[Black "Trs, Jan"]
[Result "0-1"]
[WhiteElo "1930"]
[BlackElo "2255"]
[PlyCount "68"]
[EventDate "2007.??.??"]
[EventType "corr"]
[EventRounds "2"]
[SourceDate "2007.06.28"]

1. e4 e5 2. Nf3 Nc6 3. d4 exd4 4. Bc4 Bc5 5. c3 Nf6 6. cxd4 Bb4+ 7. Bd2 Bxd2+
8. Nbxd2 d5 9. exd5 Nxd5 10. Qb3 Nce7 11. O-O O-O 12. Rfe1 c6 13. a4 Rb8 14.
Qa3 Be6 15. Ne4 Ng6 16. b4 Ndf4 17. Bxe6 Nxe6 18. Nc5 Nef4 19. b5 {Odhad} Qd5
20. Re3 cxb5 21. axb5 b6 22. Na6 Rbc8 23. g3 Nh3+ 24. Kg2 Rc2 25. Kxh3 Rxf2 26.
g4 f5 27. Kg3 f4+ 28. Kxf2 fxe3+ 29. Qxe3 Nh4 30. Nc7 Rxf3+ 31. Kg1 Rg3+ 32.
Qxg3 Qxd4+ 33. Kf1 Qxa1+ 34. Ke2 Qb2+ 0-1